| 000 | 01603nam a2200385 c 4500 | ||
|---|---|---|---|
| 003 | BLK | ||
| 005 | 20180422104248.0 | ||
| 008 | 180408b bul|||||r ||||||| ||bul|| | ||
| 010 | _aKNG00090294000 | ||
| 020 |
_a954-9462-15-3 _bиздат.: Ваньо Н. Недков |
||
| 040 | _aBLK | ||
| 041 |
_aBUL _cBUL |
||
| 080 |
_aБългарска литература _b821.163.2 _x(092) _z821.163.2(092) |
||
| 080 |
_aБългарска литература _b821.163.2 _x.09 _z821.163.2.09 |
||
| 080 |
_aБиографии _b929 _x(497.2) _z929(497.2) |
||
| 100 | 1 |
_aПопов, Кирил Георгиев _eпърви автор _9372880 |
|
| 139 |
_aПопов, Кирил Георгиев _bП 76 |
||
| 245 | 1 | 0 |
_aСтилуети _bВ пространството на бълг. лит. от последните две десетилетия на ХХ в. _cКирил Георгиев Попов. |
| 257 | _aBGR | ||
| 260 |
_аСофия _bВаньо Н. Недков _c2006 |
||
| 300 |
_a296 с. _c24 см |
||
| 380 | _a82 | ||
| 500 | _aОфс. изд. - Речник. - Библиогр. с. 289-290. | ||
| 504 | _a289-290 | ||
| 650 | 4 |
_aПисатели, български - творчество _9250544 |
|
| 650 | 4 |
_aПоети, български - творчество _9250545 |
|
| 653 | _aбългарски писатели | ||
| 653 | _aбългарски поети | ||
| 653 | _aбългарска литература | ||
| 852 | _aЦб 244550 | ||
| 856 | 4 |
_qpdf _u |
|
| 856 | 4 |
_qpdf _u |
|
| 942 |
_cKNG _n0 |
||
| 944 |
_aCR _c30.06.2009 _lф / _kЛюдмила_Стоянова |
||
| 944 |
_aED _c15.07.2009 _lф / _k |
||
| 999 |
_c85692 _d85692 |
||